Parameter learning in production economies
Skúmame, ako učenie parametrov zosilňuje vplyv makroekonomických šokov na ceny a množstvá akcií v štandardnej výrobnej ekonomike, kde má reprezentatívny agent preferencie Epstein-Zin. Investor pozoruje technologické šoky, ktoré nasledujú po procese zmeny režimu, ale nepozná základné parametre modelu...
Uložené v:
| Hlavný autor: | |
|---|---|
| Ďalší autori: | |
| Médium: | Kapitola |
| Jazyk: | English |
| Predmet: | |
| Tagy: |
Žiadne tagy, Buďte prvý, kto otaguje tento záznam!
|
MARC
| LEADER | 00000naa a2200000 4500 | ||
|---|---|---|---|
| 001 | 0304918 | ||
| 005 | 20241105094607.9 | ||
| 041 | 0 | |a eng | |
| 044 | |a NL | ||
| 245 | 1 | 0 | |a Parameter learning in production economies |c Mykola Babiak, Roman Kozhan |
| 520 | |a Skúmame, ako učenie parametrov zosilňuje vplyv makroekonomických šokov na ceny a množstvá akcií v štandardnej výrobnej ekonomike, kde má reprezentatívny agent preferencie Epstein-Zin. Investor pozoruje technologické šoky, ktoré nasledujú po procese zmeny režimu, ale nepozná základné parametre modelu, ktorými sa riadi krátkodobá a dlhodobá perspektíva ekonomického rastu. | ||
| 610 | 2 | 0 | |a makroekonomika |
| 610 | 2 | 0 | |a akcie |
| 610 | 2 | 0 | |a výroba |
| 610 | 2 | 0 | |a ekonomika |
| 610 | 2 | 0 | |a šoky cenové |
| 100 | 1 | |a Babiak, Mykola | |
| 700 | 1 | |a Kozhan, Roman | |